|
|
|
|
| LEADER |
00000nam0a2200000 4500 |
| 001 |
368190 |
| 005 |
20231102012047.0 |
| 035 |
|
|
|a (RuTPU)RU\TPU\retro\25553
|
| 090 |
|
|
|a 368190
|
| 100 |
|
|
|a 20220401d1979 m y0rusy50 ca
|
| 101 |
0 |
|
|a rus
|
| 102 |
|
|
|a RU
|
| 105 |
|
|
|a a j 001zy
|
| 200 |
1 |
|
|a Общественные здания
|e конспект лекций
|f Г. П. Майков
|g Ярославский политехнический институт
|
| 210 |
|
|
|a Ярославль
|c Изд-во ЯрПИ
|d 1979
|
| 215 |
|
|
|a 56 с.
|c ил.
|
| 320 |
|
|
|a Библиогр.: с. 56
|
| 606 |
1 |
|
|a Общественные здания
|2 stltpush
|3 (RuTPU)RU\TPU\subj\46667
|9 65784
|
| 610 |
1 |
|
|a проектирование
|
| 610 |
1 |
|
|a теоретические основы
|
| 610 |
1 |
|
|a нормы
|
| 610 |
1 |
|
|a правила
|
| 610 |
1 |
|
|a лекции
|
| 610 |
1 |
|
|a учебные пособия
|
| 675 |
|
|
|a 725.1(075.8)
|v 4
|
| 700 |
|
1 |
|a Майков
|b Г. П.
|
| 712 |
0 |
2 |
|a Ярославский политехнический институт
|2 stltpush
|3 (RuTPU)RU\TPU\col\7887
|9 24407
|
| 801 |
|
1 |
|a RU
|b 63413507
|c 20220401
|
| 942 |
|
|
|c BK
|